[Event "GBR-ch 108th"]
[Site "Torquay"]
[Date "2022.08.20"]
[Round "8.16"]
[White "Toma, Katarzyna"]
[Black "Pollack, Oscar"]
[Result "1/2-1/2"]
[WhiteElo "2303"]
[BlackElo "2020"]
[PlyCount "148"]
[EventDate "2022.08.13"]
[EventType "swiss"]
[EventRounds "9"]
[EventCountry "GBR"]
[SourceTitle "BritBase"]
[Source "John Saunders"]
[SourceDate "2022.08.22"]
[SourceVersion "1"]
[SourceVersionDate "2022.08.22"]
[SourceQuality "2"]

1. e4 e6 2. d4 d5 3. Nc3 Bb4 4. e5 c5 5. a3 Bxc3+ 6. bxc3 Qa5 7. Bd2 Qa4 8. h4
b6 9. Qg4 Kf8 10. Rh3 Ne7 11. h5 h6 12. Qf4 Bd7 13. Rf3 Be8 14. Bd3 c4 15. Bg6
Nxg6 16. hxg6 Qxc2 17. gxf7 Ba4 18. Ne2 Qe4 19. Qh2 Nc6 20. Re3 Qg6 21. Nf4
Qxf7 22. Nxd5 Qd7 23. Nf4 Rd8 24. Ng6+ Kg8 25. Qf4 Bc2 26. Nxh8 Kxh8 27. Rh3
Ne7 28. f3 Ng6 29. Qe3 Rf8 30. Kf2 Nf4 31. Rh4 Ng6 32. Rh2 Qe7 33. Rah1 Kg8 34.
Bc1 Nf4 35. Rh4 Ng6 36. Rg4 Bf5 37. Rg3 Qd7 38. Qe1 Qa4 39. Rh5 Qe8 40. Kg1 Bd3
41. Rh2 Kf7 42. Bd2 Ke7 43. Qc1 Kd8 44. Kf2 Kc8 45. Rh1 Kb8 46. Qb2 Rf7 47. Qb4
Rd7 48. a4 Rd5 49. Ra1 Qd7 50. Be3 Kb7 51. Rh3 a5 52. Qa3 Qf7 53. Ra2 Ne7 54.
Rb2 Rd8 55. Qc5 Nd5 56. Qxa5 Qe7 57. Qc5 Qxc5 58. dxc5 Nxc3 59. Rxb6+ Kc7 60.
Rh1 Bf5 61. Rc1 Rd3 62. Rd6 Nd5 63. a5 Ra3 64. g4 Ra2+ 65. Kg1 Bd3 66. Rxd5
exd5 67. Bd4 Rxa5 68. e6 g6 69. Re1 Ra8 70. Kf2 h5 71. Bf6 Re8 72. Kg3 Kc6 73.
Bd4 hxg4 74. Kxg4 Bf5+ 1/2-1/2

[Event "GBR-ch 108th"]
[Site "Torquay"]
[Date "2022.08.20"]
[Round "8.17"]
[White "Lentzos, Ioanis"]
[Black "Bradbury, Neil H"]
[Result "1/2-1/2"]
[WhiteElo "2097"]
[BlackElo "2211"]
[PlyCount "119"]
[EventDate "2022.08.13"]
[EventType "swiss"]
[EventRounds "9"]
[EventCountry "GBR"]
[SourceTitle "BritBase"]
[Source "John Saunders"]
[SourceDate "2022.08.22"]
[SourceVersion "1"]
[SourceVersionDate "2022.08.22"]
[SourceQuality "2"]

1. d4 Nf6 2. c4 e6 3. Nf3 c5 4. d5 exd5 5. cxd5 d6 6. Nc3 g6 7. Nd2 Bg7 8. e4
O-O 9. Be2 Na6 10. O-O Nc7 11. a4 b6 12. Nc4 Ba6 13. Bg5 h6 14. Bh4 Bxc4 15.
Bxc4 a6 16. e5 dxe5 17. d6 Nce8 18. d7 Nc7 19. Bxf6 Qxf6 20. Nd5 Nxd5 21. Qxd5
Ra7 22. Ra3 Rd8 23. Rf3 Rdxd7 24. Rxf6 Rxd5 25. Rxb6 Rd4 26. b3 a5 27. Rc6 e4
28. Rxc5 Bf8 29. Rd5 Rxd5 30. Bxd5 Re7 31. Re1 Re5 32. Bc4 Bc5 33. g4 Kg7 34.
Kg2 f5 35. h3 Kf6 36. Rd1 Re7 37. Rd5 Bb4 38. Kg3 e3 39. fxe3 Rxe3+ 40. Kf4
Rxh3 41. gxf5 g5+ 42. Kg4 Rh1 43. Kg3 h5 44. Kg2 Rb1 45. Rb5 Rb2+ 46. Kf3 g4+
47. Ke4 g3 48. Rb6+ Kg5 49. Rg6+ Kh4 50. f6 Rf2 51. Be6 g2 52. f7 Bd6 53. Bf5
Rf4+ 54. Kd5 Rxf5+ 55. Kxd6 Rxf7 56. Rxg2 Rf4 57. Rg8 Rb4 58. Ra8 Rxb3 59. Rxa5
Kg4 60. Rb5 1/2-1/2

[Event "GBR-ch 108th"]
[Site "Torquay"]
[Date "2022.08.20"]
[Round "8.18"]
[White "Zapolskis, Antanas"]
[Black "Price, Gwilym"]
[Result "1-0"]
[WhiteElo "2266"]
[BlackElo "2129"]
[PlyCount "63"]
[EventDate "2022.08.13"]
[EventType "swiss"]
[EventRounds "9"]
[EventCountry "GBR"]
[SourceTitle "BritBase"]
[Source "John Saunders"]
[SourceDate "2022.08.22"]
[SourceVersion "1"]
[SourceVersionDate "2022.08.22"]
[SourceQuality "2"]

1. e4 c5 2. Nf3 e6 3. d4 cxd4 4. Nxd4 Nf6 5. Nc3 Nc6 6. Ndb5 Bc5 7. Nd6+ Ke7 8.
Nxc8+ Rxc8 9. Be2 Qc7 10. O-O h5 11. Bg5 Kf8 12. Qd2 Ng4 13. Bf4 Nge5 14. Nb5
Qb8 15. c3 a6 16. Nd4 Bd6 17. Kh1 Bc7 18. Nxc6 dxc6 19. Bxe5 Bxe5 20. f4 Bf6
21. Qe3 g6 22. Bc4 Kg7 23. e5 Bd8 24. Rad1 b5 25. Bxe6 fxe6 26. Rd7+ Kh6 27. g4
hxg4 28. Rf3 Bh4 29. Rh3 g5 30. Rxh4+ gxh4 31. f5+ Kh5 32. Rg7 1-0

[Event "GBR-ch 108th"]
[Site "Torquay"]
[Date "2022.08.20"]
[Round "8.20"]
[White "Domenech, Vianney"]
[Black "Burrows, Martin P"]
[Result "1/2-1/2"]
[WhiteElo "2258"]
[BlackElo "2064"]
[PlyCount "157"]
[EventDate "2022.08.13"]
[EventType "swiss"]
[EventRounds "9"]
[EventCountry "GBR"]
[SourceTitle "BritBase"]
[Source "John Saunders"]
[SourceDate "2022.08.22"]
[SourceVersion "1"]
[SourceVersionDate "2022.08.22"]
[SourceQuality "2"]

1. d4 Nf6 2. Bf4 e6 3. e3 c5 4. c3 b6 5. Nf3 Bb7 6. Nbd2 Be7 7. h3 cxd4 8. exd4
O-O 9. Bd3 d6 10. O-O Nbd7 11. Qe2 Re8 12. Rfe1 Nf8 13. Bb5 Ng6 14. Bg3 Rf8 15.
Nh4 Nxh4 16. Bxh4 a6 17. Bd3 Re8 18. Bxf6 Bxf6 19. Be4 Bxe4 20. Qxe4 d5 21. Qd3
Qc7 22. a4 Reb8 23. g3 Qc6 24. b4 Rc8 25. Re3 a5 26. b5 Qd6 27. f4 Ra7 28. Kg2
Rac7 29. Nb1 g6 30. Ra2 Bg7 31. Rf2 f6 32. Rfe2 Re7 33. Nd2 Kf7 34. h4 Rec7 35.
Nb1 Rc4 36. Qd1 Re8 37. h5 Qd7 38. Nd2 Rc7 39. Qh1 Qc8 40. Nb1 Rc4 41. Qd1 Bh6
42. Re1 Kg7 43. R3e2 Kf7 44. Rh1 g5 45. fxg5 Bxg5 46. Rhe1 Kg8 47. Rf2 Kh8 48.
Rfe2 Kg7 49. Rf2 Kh8 50. Kh2 Qc7 51. Rf3 Qc8 52. h6 f5 53. Qe2 Bxh6 54. Qe5+
Bg7 55. Qd6 Rxa4 56. Qxb6 Ra2+ 57. Kg1 Bh6 58. Qd6 a4 59. Rf2 Rxf2 60. Kxf2 f4
61. gxf4 Bxf4 62. Qc6 Qxc6 63. bxc6 Kg7 64. Na3 Kf6 65. Kf3 Bd2 66. Rh1 Rc8 67.
Ke2 Bxc3 68. Nb5 Bb2 69. c7 a3 70. Nd6 Rxc7 71. Ne8+ Kf5 72. Nxc7 a2 73. Rf1+
Kg4 74. Rg1+ Kh3 75. Nxe6 a1=Q 76. Ng5+ Kh4 77. Rxa1 Bxa1 78. Nxh7 Bxd4 79. Nf8
1/2-1/2

[Event "GBR-ch 108th"]
[Site "Torquay"]
[Date "2022.08.20"]
[Round "8.21"]
[White "Stoyanov, Viktor"]
[Black "Finn, Peter"]
[Result "1/2-1/2"]
[WhiteElo "2246"]
[BlackElo "2033"]
[PlyCount "67"]
[EventDate "2022.08.13"]
[EventType "swiss"]
[EventRounds "9"]
[EventCountry "GBR"]
[SourceTitle "BritBase"]
[Source "John Saunders"]
[SourceDate "2022.08.22"]
[SourceVersion "1"]
[SourceVersionDate "2022.08.22"]
[SourceQuality "2"]

1. d4 d5 2. c4 c6 3. Nf3 Nf6 4. Qc2 dxc4 5. Qxc4 Bf5 6. g3 e6 7. Bg2 Be7 8. O-O
O-O 9. e3 Nbd7 10. Rd1 Rc8 11. Qe2 Bg6 12. Nc3 b5 13. Ne5 Nxe5 14. dxe5 Nd7 15.
a4 b4 16. Ne4 Bxe4 17. Bxe4 Qc7 18. f4 Nc5 19. Bf3 Nb3 20. Rb1 c5 21. Qc4 Na5
22. Qb5 Rfd8 23. Bd2 Rb8 24. Qe2 c4 25. Be1 g6 26. Be4 Bc5 27. Kg2 Qb6 28. Bf2
Rxd1 29. Rxd1 Rd8 30. h4 h5 31. Kf3 Nb3 32. Kg2 Na5 33. Kf3 Nb3 34. Kg2 1/2-1/2

[Event "GBR-ch 108th"]
[Site "Torquay"]
[Date "2022.08.20"]
[Round "8.22"]
[White "Jones, Steven A"]
[Black "Jackson, Sheila"]
[Result "0-1"]
[WhiteElo "2210"]
[BlackElo "2070"]
[PlyCount "74"]
[EventDate "2022.08.13"]
[EventType "swiss"]
[EventRounds "9"]
[EventCountry "GBR"]
[SourceTitle "BritBase"]
[Source "John Saunders"]
[SourceDate "2022.08.22"]
[SourceVersion "1"]
[SourceVersionDate "2022.08.22"]
[SourceQuality "2"]

1. e4 c5 2. Nc3 Nc6 3. Nge2 Nd4 4. d3 g6 5. h4 h5 6. Be3 Bg7 7. Qd2 a6 8. Nf4
e6 9. O-O-O Ne7 10. Kb1 d6 11. Be2 b5 12. Rdg1 Bd7 13. Bd1 b4 14. Nce2 a5 15.
Bxd4 cxd4 16. Nh3 Bh6 17. f4 e5 18. Nf2 exf4 19. Nxf4 Qb6 20. g4 hxg4 21. Bxg4
O-O-O 22. Bxd7+ Kxd7 23. Ng4 Bg7 24. Qf2 f5 25. exf5 gxf5 26. Nh2 Be5 27. Nf1
Rh6 28. Nd2 Rdh8 29. Ne2 a4 30. Nc4 Qc5 31. Re1 Bf6 32. Qf3 d5 33. Nd2 Bxh4 34.
Qf4 Bg5 35. Qxg5 Rxh1 36. Nf1 Rc8 37. Nxd4 Rxf1 0-1

[Event "GBR-ch 108th"]
[Site "Torquay"]
[Date "2022.08.20"]
[Round "8.23"]
[White "Forster, Matthew"]
[Black "Brewer, Callum D"]
[Result "1/2-1/2"]
[WhiteElo "2058"]
[BlackElo "2159"]
[PlyCount "45"]
[EventDate "2022.08.13"]
[EventType "swiss"]
[EventRounds "9"]
[EventCountry "GBR"]
[SourceTitle "BritBase"]
[Source "John Saunders"]
[SourceDate "2022.08.22"]
[SourceVersion "1"]
[SourceVersionDate "2022.08.22"]
[SourceQuality "2"]

1. c4 e6 2. b3 d5 3. cxd5 exd5 4. Bb2 Nf6 5. Nf3 Bd6 6. g3 O-O 7. Bg2 Re8 8.
O-O Bf5 9. Nc3 Nc6 10. d3 d4 11. Nb5 Bc5 12. Rc1 Bb6 13. a4 Qd7 14. a5 Bxa5 15.
Nbxd4 Nxd4 16. Bxd4 Bb6 17. Ba1 Qd6 18. e4 Bg4 19. e5 Bxf3 20. Qxf3 Rxe5 21.
Bxe5 Qxe5 22. Qxb7 Rd8 23. Qc6 1/2-1/2

[Event "GBR-ch 108th"]
[Site "Torquay"]
[Date "2022.08.20"]
[Round "8.24"]
[White "Payne, Matthew J"]
[Black "Ethelontis, Alexandros N"]
[Result "1/2-1/2"]
[WhiteElo "2155"]
[BlackElo "2055"]
[PlyCount "91"]
[EventDate "2022.08.13"]
[EventType "swiss"]
[EventRounds "9"]
[EventCountry "GBR"]
[SourceTitle "BritBase"]
[Source "John Saunders"]
[SourceDate "2022.08.22"]
[SourceVersion "1"]
[SourceVersionDate "2022.08.22"]
[SourceQuality "2"]

1. e4 e6 2. d4 d5 3. e5 c5 4. c3 Nc6 5. Nf3 Bd7 6. Be2 Nge7 7. O-O Nf5 8. dxc5
Bxc5 9. Bd3 Nh4 10. Nbd2 Ng6 11. Nb3 Bb6 12. Re1 Qb8 13. Qe2 Bc7 14. Bxg6 hxg6
15. Nc5 Bc8 16. Bf4 b6 17. Qb5 bxc5 18. Qxc6+ Bd7 19. Qxc5 Bb6 20. Qa3 Qc7 21.
Be3 Rc8 22. Rac1 Bc5 23. Bxc5 Qxc5 24. Qxc5 Rxc5 25. Nd4 g5 26. a4 Ke7 27. b3
Rhc8 28. Re3 a5 29. g3 g4 30. h3 gxh3 31. f4 Rg8 32. Kh2 g5 33. Kxh3 Rcc8 34.
fxg5 Rxg5 35. Kg2 Rh8 36. Rh1 Rxh1 37. Kxh1 f6 38. exf6+ Kxf6 39. Kg2 e5 40.
Nf3 Rh5 41. Re1 Bh3+ 42. Kf2 Bg4 43. Nh4 Rh8 44. Ke3 Rb8 45. Rb1 Bd7 46. Nf3
1/2-1/2

[Event "GBR-ch 108th"]
[Site "Torquay"]
[Date "2022.08.20"]
[Round "8.25"]
[White "Eames, Robert S"]
[Black "Donaldson, Thomas"]
[Result "1-0"]
[WhiteElo "2112"]
[BlackElo "1982"]
[PlyCount "111"]
[EventDate "2022.08.13"]
[EventType "swiss"]
[EventRounds "9"]
[EventCountry "GBR"]
[SourceTitle "BritBase"]
[Source "John Saunders"]
[SourceDate "2022.08.22"]
[SourceVersion "1"]
[SourceVersionDate "2022.08.22"]
[SourceQuality "2"]

1. e4 c5 2. Nc3 Nc6 3. Bb5 g6 4. Bxc6 dxc6 5. d3 Bg7 6. Be3 b6 7. Qd2 e5 8.
O-O-O Nf6 9. h3 Qd6 10. Bh6 Bxh6 11. Qxh6 a5 12. f4 exf4 13. e5 Qxe5 14. Nf3
Ng8 15. Qh4 Qf6 16. Qe1+ Be6 17. Ne4 Qe7 18. Qc3 f6 19. Rhe1 O-O-O 20. Nfg5 Bd5
21. Nd2 Qd7 22. Nc4 Kc7 23. Ne4 Qe6 24. Nxc5 Qf7 25. Na4 Bxc4 26. dxc4 Ne7 27.
c5 Nd5 28. cxb6+ Kb8 29. Qxa5 Ne3 30. Rxd8+ Rxd8 31. b7 Qd5 32. Qxd5 Rxd5 33.
c4 Rg5 34. Re2 Kxb7 35. b4 Nxc4 36. Nc5+ Kc8 37. Re8+ Kc7 38. Re4 Rxg2 39. Rxc4
f3 40. Nd3 f2 41. Nxf2 Rxf2 42. b5 c5 43. a4 Kb6 44. Re4 Ka5 45. Re6 Kxa4 46.
b6 Rf4 47. b7 Rb4 48. Ra6+ Kb3 49. Ra1 Kc3 50. Rb1 Rxb7 51. Rxb7 Kd3 52. Rxh7
f5 53. Rg7 f4 54. Rxg6 f3 55. h4 f2 56. Rf6 1-0

[Event "GBR-ch 108th"]
[Site "Torquay"]
[Date "2022.08.20"]
[Round "8.26"]
[White "Salmons, Calum"]
[Black "Waddington, Michael P"]
[Result "1-0"]
[WhiteElo "1944"]
[BlackElo "2066"]
[PlyCount "36"]
[EventDate "2022.08.13"]
[EventType "swiss"]
[EventRounds "9"]
[EventCountry "GBR"]
[SourceTitle "BritBase"]
[Source "John Saunders"]
[SourceDate "2022.08.22"]
[SourceVersion "1"]
[SourceVersionDate "2022.08.22"]
[SourceQuality "2"]

1. d4 f5 2. Bf4 Nf6 3. e3 g6 4. h4 h6 5. Nc3 d6 6. Qf3 Nc6 7. O-O-O Nh5 8. Bb5
Bd7 9. d5 Ne5 10. Bxe5 dxe5 11. g4 fxg4 12. Qxg4 Rg8 13. Qe6 Nf6 14. Ne4 Nxe4
15. Qxg8 Bxb5 16. Qxg6+ Kd7 17. Qxe4 Bg7 18. Qg4+ Kd6 1-0

[Event "GBR-ch 108th"]
[Site "Torquay"]
[Date "2022.08.20"]
[Round "8.27"]
[White "Walker, Martin G"]
[Black "Rathbone-Jones, Ifan"]
[Result "1-0"]
[WhiteElo "2135"]
[BlackElo "2006"]
[PlyCount "39"]
[EventDate "2022.08.13"]
[EventType "swiss"]
[EventRounds "9"]
[EventCountry "GBR"]
[SourceTitle "BritBase"]
[Source "John Saunders"]
[SourceDate "2022.08.22"]
[SourceVersion "1"]
[SourceVersionDate "2022.08.22"]
[SourceQuality "2"]

1. e4 d6 2. d4 Nf6 3. Nc3 g6 4. f4 Bg7 5. Nf3 c5 6. dxc5 Qa5 7. Qe2 Qxc5 8. e5
dxe5 9. Qxe5 Qb4 10. Bb5+ Bd7 11. a3 Qd6 12. Qxd6 exd6 13. Be3 Nc6 14. O-O-O a6
15. Ba4 O-O-O 16. Rxd6 Kc7 17. Rxf6 Bxf6 18. Nd5+ Kd6 19. Nxf6 Bf5 20. Bxc6 1-0

[Event "GBR-ch 108th"]
[Site "Torquay"]
[Date "2022.08.20"]
[Round "8.28"]
[White "Ashworth, Michael"]
[Black "Mulay, Partha"]
[Result "1-0"]
[WhiteElo "2039"]
[BlackElo "1822"]
[PlyCount "81"]
[EventDate "2022.08.13"]
[EventType "swiss"]
[EventRounds "9"]
[EventCountry "GBR"]
[SourceTitle "BritBase"]
[Source "John Saunders"]
[SourceDate "2022.08.22"]
[SourceVersion "1"]
[SourceVersionDate "2022.08.22"]
[SourceQuality "2"]

1. d4 Nf6 2. c4 g6 3. Nc3 Bg7 4. e4 d6 5. f3 O-O 6. Be3 c5 7. Nge2 Nc6 8. d5
Ne5 9. Ng3 e6 10. Be2 exd5 11. cxd5 b5 12. Nxb5 Rb8 13. Qd2 h5 14. O-O h4 15.
Nh1 h3 16. g3 Nxf3+ 17. Rxf3 Nxe4 18. Qc2 Re8 19. Bd3 Bf5 20. Raf1 a6 21. Nc3
Nxc3 22. bxc3 Bg4 23. Bd2 Bxf3 24. Rxf3 Qb6 25. Nf2 Qb2 26. Nd1 Qa1 27. Rf1 f5
28. Bxa6 Qb1 29. Qxb1 Rxb1 30. a4 Kh7 31. Bf4 Be5 32. Bg5 Ra1 33. Bb5 Rb8 34.
Bf4 Bf6 35. Ne3 Bxc3 36. Rxa1 Bxa1 37. Bxd6 Rc8 38. Nc4 Bd4+ 39. Kf1 Bf6 40. a5
Bd8 41. Nb6 1-0

[Event "GBR-ch 108th"]
[Site "Torquay"]
[Date "2022.08.21"]
[Round "9.1"]
[White "Wadsworth, Matthew J"]
[Black "Grieve, Harry"]
[Result "0-1"]
[WhiteElo "2418"]
[BlackElo "2390"]
[PlyCount "150"]
[EventDate "2022.08.13"]
[EventType "swiss"]
[EventRounds "9"]
[EventCountry "GBR"]
[SourceTitle "BritBase"]
[Source "John Saunders"]
[SourceDate "2022.08.22"]
[SourceVersion "1"]
[SourceVersionDate "2022.08.22"]
[SourceQuality "2"]

1. c4 e6 2. g3 d5 3. Bg2 c6 4. Nf3 dxc4 5. Na3 b5 6. Nxb5 cxb5 7. Ng1 Bd7 8.
Bxa8 Nc6 9. Bxc6 Bxc6 10. Nf3 Nf6 11. b3 Bc5 12. Bb2 Qd5 13. bxc4 bxc4 14. Bxf6
gxf6 15. Qc2 Ke7 16. Rc1 Ba3 17. Rb1 Bd6 18. Qc3 Qe4 19. Rc1 Bd5 20. Qa5 Ra8
21. Kf1 f5 22. h4 Qg4 23. Qc3 f4 24. gxf4 Rg8 25. Ke1 Bxf4 26. Qa3+ Kf6 27. Rf1
Rd8 28. Qc3+ e5 29. Rg1 Qh5 30. Qa5 Rd7 31. Qa6+ Ke7 32. Qa3+ Kf6 33. Rc2 Qf5
34. Rb2 Be6 35. Qc3 h6 36. Rb5 Qe4 37. Kd1 Bf5 38. Rb2 Rd3 39. exd3 Qxf3+ 40.
Kc1 Bxd3 41. Rb4 Qxf2 42. Rh1 h5 43. Ra4 a5 44. Rd1 Qb6 45. Qb2 Qc5 46. Ra3 Kf5
47. Qc3 Qb5 48. Qb2 Qc6 49. Qc3 f6 50. Qxa5 Qb7 51. Rxd3 cxd3 52. Qc3 Qa6 53.
Qb3 Ke4 54. a4 Kf3 55. Re1 Kf2 56. Re4 f5 57. Rc4 e4 58. Qc3 Ke2 59. a5 Qh6 60.
Kb1 Bxd2 61. Qb2 Qe6 62. Rc5 f4 63. Qb5 f3 64. Re5 Qg6 65. a6 f2 66. Rf5 Be3
67. Qb2+ d2 68. a7 Qxf5 69. a8=Q f1=Q+ 70. Ka2 Qe6+ 71. Ka3 Bc5+ 72. Ka4 Qc4+
73. Ka5 Qa1+ 74. Qxa1 Qb4+ 75. Ka6 Qb6# 0-1

[Event "GBR-ch 108th"]
[Site "Torquay"]
[Date "2022.08.21"]
[Round "9.2"]
[White "Pert, Nicholas"]
[Black "Arkell, Keith C"]
[Result "1-0"]
[WhiteElo "2537"]
[BlackElo "2409"]
[PlyCount "79"]
[EventDate "2022.08.13"]
[EventType "swiss"]
[EventRounds "9"]
[EventCountry "GBR"]
[SourceTitle "BritBase"]
[Source "John Saunders"]
[SourceDate "2022.08.22"]
[SourceVersion "1"]
[SourceVersionDate "2022.08.22"]
[SourceQuality "2"]

1. d4 e6 2. c4 Bb4+ 3. Bd2 Bxd2+ 4. Qxd2 Nf6 5. Nf3 O-O 6. g3 d5 7. Bg2 Nbd7 8.
O-O Qe7 9. Qc2 c6 10. Nbd2 b6 11. e4 dxe4 12. Nxe4 Nxe4 13. Qxe4 Bb7 14. Rfe1
Rab8 15. Qc2 Rfd8 16. Rad1 Qf8 17. Ng5 Nf6 18. c5 Rd7 19. b4 Qd8 20. Nf3 Nd5
21. a3 a5 22. Ne5 Re7 23. bxa5 b5 24. a4 b4 25. Nc4 Bc8 26. Nb6 Ra7 27. Qb3
Rxa5 28. Bxd5 exd5 29. Qxb4 Ra7 30. Rd3 Be6 31. Rde3 h5 32. Re5 h4 33. Qd2 h3
34. Qf4 Rbb7 35. g4 Qh4 36. Rh5 Qd8 37. Rxh3 Rxb6 38. cxb6 Qxb6 39. Qd6 Qc7 40.
Rxe6 1-0

[Event "GBR-ch 108th"]
[Site "Torquay"]
[Date "2022.08.21"]
[Round "9.3"]
[White "Jackson, James P"]
[Black "Emms, John M"]
[Result "1-0"]
[WhiteElo "2406"]
[BlackElo "2474"]
[PlyCount "175"]
[EventDate "2022.08.13"]
[EventType "swiss"]
[EventRounds "9"]
[EventCountry "GBR"]
[SourceTitle "BritBase"]
[Source "John Saunders"]
[SourceDate "2022.08.22"]
[SourceVersion "1"]
[SourceVersionDate "2022.08.22"]
[SourceQuality "2"]

1. e4 e5 2. Nf3 Nc6 3. Bb5 a6 4. Ba4 Nf6 5. O-O Be7 6. Re1 b5 7. Bb3 O-O 8. a4
Bb7 9. d3 d6 10. h3 Na5 11. Ba2 c5 12. Nbd2 Rb8 13. Nf1 b4 14. Ne3 Bc8 15. Bd2
Be6 16. c3 bxc3 17. bxc3 Qd7 18. Qc2 h6 19. Rab1 Rfc8 20. c4 Nc6 21. Nd5 Bd8
22. a5 Bxd5 23. cxd5 Nb4 24. Bxb4 cxb4 25. Bc4 Bxa5 26. Qa2 Bb6 27. Qxa6 Bc5
28. Ra1 b3 29. Reb1 b2 30. Ra2 Rb6 31. Qa5 Rcb8 32. Nxe5 Bxf2+ 33. Kxf2 dxe5
34. Qc3 Qc7 35. Raxb2 Qc5+ 36. Kf3 Nd7 37. Rxb6 Rxb6 38. Rxb6 Qxb6 39. Qc1 Qc5
40. Qe3 Qd6 41. Kf2 Nf6 42. Kg1 g5 43. Kh2 Kg7 44. Bb3 Nh5 45. Bd1 Nf4 46. g3
Ng6 47. Bh5 Ne7 48. Qf2 Qf6 49. Qxf6+ Kxf6 50. Bg4 Kg7 51. Bd7 Kf8 52. d6 Ng8
53. Kg2 Nf6 54. Bc6 h5 55. Kf2 Ng8 56. Ke3 Nh6 57. d4 exd4+ 58. Kxd4 f6 59. Bd5
g4 60. hxg4 Nxg4 61. Bc4 Nf2 62. Be2 Nh1 63. Bxh5 Nxg3 64. Bg6 Ne2+ 65. Kc5 Nf4
66. Bf5 Ke8 67. Kc6 Kd8 68. Kb5 Nh5 69. Kc4 Ng7 70. Bg4 Ne8 71. Kc5 Ng7 72. Kd5
Ke8 73. Bh3 Kd8 74. Kc6 Nh5 75. Bf5 Ng3 76. Bh7 Ne2 77. Bg6 Nc3 78. Kc5 Na4+
79. Kd5 Nb6+ 80. Ke6 Nd7 81. Kf7 Nc5 82. Kxf6 Kd7 83. e5 Nb7 84. Bf5+ Kd8 85.
Ke6 Nc5+ 86. Kd5 Nb7 87. e6 Ke8 88. Bg6+ 1-0

[Event "GBR-ch 108th"]
[Site "Torquay"]
[Date "2022.08.21"]
[Round "9.4"]
[White "Eggleston, David J"]
[Black "Kirk, Ezra"]
[Result "1-0"]
[WhiteElo "2331"]
[BlackElo "2442"]
[PlyCount "91"]
[EventDate "2022.08.13"]
[EventType "swiss"]
[EventRounds "9"]
[EventCountry "GBR"]
[SourceTitle "BritBase"]
[Source "John Saunders"]
[SourceDate "2022.08.22"]
[SourceVersion "1"]
[SourceVersionDate "2022.08.22"]
[SourceQuality "2"]

1. e4 e6 2. d4 d5 3. Nc3 Bb4 4. e5 c5 5. a3 Bxc3+ 6. bxc3 Ne7 7. Qg4 Qc7 8.
Qxg7 Rg8 9. Qxh7 cxd4 10. Ne2 Nbc6 11. f4 dxc3 12. Qd3 Bd7 13. Qxc3 Nf5 14. Rb1
d4 15. Qd3 O-O-O 16. Rg1 Na5 17. g4 Ba4 18. gxf5 Bxc2 19. Qb5 Bxb1 20. Rxg8
Rxg8 21. Qxb1 Nc6 22. fxe6 fxe6 23. Bh3 Qa5+ 24. Kf2 Qd5 25. Qh7 Re8 26. Qd3
Qh1 27. Bg2 Qxh2 28. Qh3 Qxh3 29. Bxh3 d3 30. Nc3 Nd4 31. Ke3 Rh8 32. Kxd3
Rxh3+ 33. Kxd4 Kd7 34. Be3 b6 35. Ke4 Rh5 36. Nb5 a6 37. Nd6 Kc6 38. f5 exf5+
39. Nxf5 Rh8 40. e6 b5 41. Ke5 a5 42. Nd4+ Kb6 43. e7 Re8 44. Kd6 Rxe7 45. Kxe7
Kc5 46. Nb3+ 1-0

[Event "GBR-ch 108th"]
[Site "Torquay"]
[Date "2022.08.21"]
[Round "9.5"]
[White "Gormally, Daniel W"]
[Black "Pert, Richard G"]
[Result "1-0"]
[WhiteElo "2466"]
[BlackElo "2411"]
[PlyCount "109"]
[EventDate "2022.08.13"]
[EventType "swiss"]
[EventRounds "9"]
[EventCountry "GBR"]
[SourceTitle "BritBase"]
[Source "John Saunders"]
[SourceDate "2022.08.22"]
[SourceVersion "1"]
[SourceVersionDate "2022.08.22"]
[SourceQuality "2"]

1. d4 d5 2. c4 e6 3. Nf3 Nf6 4. Nc3 a6 5. a4 c5 6. cxd5 exd5 7. Bg5 Be6 8. e3
Nc6 9. Be2 h6 10. Bxf6 Qxf6 11. dxc5 Bxc5 12. Nxd5 Bxd5 13. Qxd5 Bb4+ 14. Kf1
O-O 15. Qb3 Rfc8 16. g3 Bf8 17. Kg2 Na5 18. Qd5 Qxb2 19. Bd3 Rc5 20. Qe4 g6 21.
h4 h5 22. Rab1 Qf6 23. Rhc1 Rac8 24. Rxc5 Rxc5 25. Ng5 Qc6 26. Qxc6 Rxc6 27.
Be4 Rc7 28. Bd5 Bh6 29. Rb6 Kf8 30. Ne4 Rd7 31. Rd6 Rc7 32. g4 hxg4 33. h5 Nc4
34. Rd8+ Kg7 35. hxg6 Kxg6 36. Rg8+ Bg7 37. Bxc4 Rxc4 38. Nd6 Rxa4 39. Ne8 Kh6
40. Rxg7 Re4 41. Rg8 Re6 42. Nc7 Rc6 43. Nd5 f5 44. Ne7 Rc5 45. Rg6+ Kh5 46.
Rb6 Kg5 47. Kg3 a5 48. Rxb7 Kf6 49. Ra7 Ke6 50. Ng6 Rb5 51. Nf4+ Kd6 52. Ne2
Ke5 53. Nd4 f4+ 54. Kxg4 Rd5 55. Kf3 1-0

[Event "GBR-ch 108th"]
[Site "Torquay"]
[Date "2022.08.21"]
[Round "9.6"]
[White "Davies, Nigel R"]
[Black "Clarke, Brandon G I"]
[Result "1/2-1/2"]
[WhiteElo "2425"]
[BlackElo "2474"]
[PlyCount "55"]
[EventDate "2022.08.13"]
[EventType "swiss"]
[EventRounds "9"]
[EventCountry "GBR"]
[SourceTitle "BritBase"]
[Source "John Saunders"]
[SourceDate "2022.08.22"]
[SourceVersion "1"]
[SourceVersionDate "2022.08.22"]
[SourceQuality "2"]

1. Nf3 Nf6 2. g3 g6 3. b4 Bg7 4. Bb2 c6 5. a3 a5 6. d4 d5 7. Nbd2 Nbd7 8. c4
dxc4 9. Nxc4 axb4 10. axb4 Rxa1 11. Qxa1 Nd5 12. Qa5 O-O 13. e4 b6 14. Qa3 Nc7
15. Bg2 Ba6 16. Nfd2 Nb8 17. e5 Nd5 18. O-O Bb5 19. Rb1 Na6 20. Ba1 Qa8 21. Bc3
Nac7 22. Qb2 Rd8 23. Na3 Bd3 24. Ra1 Qb7 25. Nf3 b5 26. Nd2 Ne6 27. Nb3 Bf5 28.
Nc2 1/2-1/2

[Event "GBR-ch 108th"]
[Site "Torquay"]
[Date "2022.08.21"]
[Round "9.7"]
[White "Willow, Jonah B"]
[Black "Claridge-Hansen, William"]
[Result "0-1"]
[WhiteElo "2393"]
[BlackElo "2345"]
[PlyCount "102"]
[EventDate "2022.08.13"]
[EventType "swiss"]
[EventRounds "9"]
[EventCountry "GBR"]
[SourceTitle "BritBase"]
[Source "John Saunders"]
[SourceDate "2022.08.22"]
[SourceVersion "1"]
[SourceVersionDate "2022.08.22"]
[SourceQuality "2"]

1. Nf3 d5 2. g3 Nf6 3. Bg2 e6 4. O-O Be7 5. c4 O-O 6. b3 d4 7. e3 c5 8. exd4
cxd4 9. Ne5 Qc7 10. Re1 Nfd7 11. Nxd7 Bxd7 12. Bb2 Bf6 13. Na3 Bc6 14. Nc2 Rd8
15. Qg4 Bxg2 16. Kxg2 Nc6 17. d3 a6 18. Qe4 b5 19. Rab1 Rab8 20. Ba1 Qd7 21.
Rec1 Be7 22. Ne1 b4 23. Nf3 f5 24. Qe2 Bf6 25. Re1 e5 26. Nd2 Ne7 27. Qf3 Qc6
28. Qxc6 Nxc6 29. f4 exf4 30. gxf4 Kf7 31. Nf3 a5 32. Re2 Re8 33. Rbe1 Rxe2+
34. Rxe2 a4 35. bxa4 Ra8 36. Nd2 Rxa4 37. Nb3 Ra3 38. Nc1 Nd8 39. Rb2 Ra4 40.
Kf3 h6 41. Nb3 Nc6 42. h3 g5 43. Re2 Ra3 44. Rb2 gxf4 45. Kxf4 Kg6 46. Re2 Bg5+
47. Kg3 Be3 48. Nc5 f4+ 49. Kg2 Kf5 50. Nb3 Ra8 51. Kf1 f3 0-1